Vista normal Vista MARC

Entrada Materia (reunión)

Número de registros utilizados en: 1

001 - CONTROL NUMBER

  • control field: 157548

003 - CONTROL NUMBER IDENTIFIER

  • control field: Co-BoUCM

005 - DATE AND TIME OF LATEST TRANSACTION

  • control field: 20211108105539.0

008 - FIXED-LENGTH DATA ELEMENTS

  • fixed length control field: 211108|| aca||aabn | a|a d

040 ## - CATALOGING SOURCE

  • Original cataloging agency: Co-BoUCM
  • Transcribing agency: Co-BoUCM

111 ## - HEADING--MEETING NAME

  • Meeting name or jurisdiction name as entry element: Congreso Exalumnos Bolivarianos (4 : 1996 ago. 30 : Medellín)

670 ## - SOURCE DATA FOUND

  • Source citation: Work cat.: (Co-BoUCM)27489: Congreso Exalumnos Bolivarianos (4 : 1996 ago. 30 : Medellín), La ética en un país en crisis, 1996